| 000 | 01760nam2a22002411 4500 | ||
|---|---|---|---|
| 001 | v19\rc\2047472 | ||
| 005 | 20250620021454.0 | ||
| 035 | _a(NLR Aleph) 005126679 | ||
| 090 |
_a7640606 _c7640606 |
||
| 100 | _a20081111d1906 |||y0rusy50 ca | ||
| 101 | 0 | _arus | |
| 102 | _aRU | ||
| 105 | _aa z ||||| | ||
| 200 | 1 |
_aМатериальная часть 3-х дм. полевых скорострельных орудий обр. 1900 и 1902 г. и укладка передков и зарядных ящиков обр. 1900 г. _fСост. гв. кап. В.И. Александрович |
|
| 210 |
_d1906 _aБ. м. |
||
| 215 |
_aIV, 114 с. _cил. |
||
| 461 | 0 |
_1001v19\rc\2047471 _12001#$aШкола артиллерийского солдата (полевой артиллерии)$eСборник сведений по подготовке фейерверкеров в учеб. командах полевой артиллерии$vЧ. 2 _1700#1$aГоффман$bГ.Э.$f1850-$gГенрих Эрнестович _97640602 _aГоффман, Г.Э. (1850-) _cСанкт-Петербург _d1906 _nВ. Березовский _oСборник сведений по подготовке фейерверкеров в учеб. командах полевой артиллерии _tШкола артиллерийского солдата (полевой артиллерии) _vЧ. 2 |
|
| 532 | 1 | 1 | _aМатериальная часть трехдюймовых полевых скорострельных орудий образца 1900 и 1902 г. и укладка передков и зарядных ящиков обр. 1900 г. |
| 801 | 0 |
_aRU _bNLR _gpsbo |
|
| 801 | 1 |
_aRU _bProSoft-M _2rusmarc |
|
| 852 |
_aNLR _j37.2.5.58(ч. 2) |
||
| 942 | _cBOOK | ||
| 980 | _aNB | ||